Capitali e Iniziali degli Stati - Quiz n°13 - Statistics

Statistiche generali
  • Questo quiz è stato fatto 7 volte
  • Il punteggio medio è 8 su 10
Statistiche sulle risposte
Hint Risposta % Corretto
Baku A
100%
Il Cairo E
100%
Vientiane L
100%
Lima P
100%
Doha Q
100%
N'Djamena C
67%
Maseru L
67%
Windhoek N
67%
Ngerulmud P
50%
Funafuti T
50%
Nessun quiz corrispondente trovato
Distribuzione punteggi
Percentuale di utenti per punteggio
Percentile per numero di risposta
I tuoi punteggi nel tempo
Non hai fatto questo quiz